<?xml version="1.0" encoding="UTF-8"?>
<record
    xmlns:xsi="http://www.w3.org/2001/XMLSchema-instance"
    xsi:schemaLocation="http://www.loc.gov/MARC21/slim http://www.loc.gov/standards/marcxml/schema/MARC21slim.xsd"
    xmlns="http://www.loc.gov/MARC21/slim">

  <leader>01467    a2200229   4500</leader>
  <controlfield tag="001">13646</controlfield>
  <controlfield tag="005">20260407155443.0</controlfield>
  <controlfield tag="008">260407a2006    arg                 spa d</controlfield>
  <controlfield tag="003">AR-UNSa-BCEJYS</controlfield>
  <datafield tag="040" ind1=" " ind2=" ">
    <subfield code="a">AR-UNSa-BCEJYS</subfield>
    <subfield code="b">spa</subfield>
    <subfield code="c">AR-UNSa-BCEJYS</subfield>
  </datafield>
  <datafield tag="080" ind1=" " ind2=" ">
    <subfield code="a">342.9</subfield>
    <subfield code="x">Derecho Administrativo</subfield>
  </datafield>
  <datafield tag="245" ind1="1" ind2="0">
    <subfield code="a">Derecho administrativo</subfield>
  </datafield>
  <datafield tag="020" ind1=" " ind2=" ">
    <subfield code="a">978-987-507-316-6</subfield>
  </datafield>
  <datafield tag="250" ind1=" " ind2=" ">
    <subfield code="a">11a. ed.</subfield>
  </datafield>
  <datafield tag="264" ind1=" " ind2="1">
    <subfield code="a">Buenos Aires :</subfield>
    <subfield code="b">Ciudad Argentina</subfield>
    <subfield code="c">2006</subfield>
  </datafield>
  <datafield tag="300" ind1=" " ind2=" ">
    <subfield code="a">1630 p.</subfield>
    <subfield code="c">24 cm.</subfield>
  </datafield>
  <datafield tag="505" ind1=" " ind2=" ">
    <subfield code="a">1. El derecho p&#xFA;blico en el siglo xxi - 2. Constituci&#xF3;n y estado - 3. Libertad y autoridad - 4. Administraci&#xF3;n y derecho - 5. Derecho administrativo - 6. Acto administrativo - 7. Hecho administrativo - 8. Reglamento administrativo - 9. Actuaci&#xF3;n interadministrativa - 10. Contrato administrativo - 11. Tipos de contratos administrativos - 12. Situaci&#xF3;n y regulaci&#xF3;n administrativas - 13. Organizaci&#xF3;n administrativa - 14. Derecho comunitario - 15. Servicio p&#xFA;blico - 16. Derechos reales administrativos - 17. Polic&#xED;a y poder de polic&#xED;a - 18. Polic&#xED;a de la propiedad - 19. Acci&#xF3;n econ&#xF3;mica de la administraci&#xF3;n - 20. Fiscalizaci&#xF3;n administrativa - 21. Responsabilidad estatal - 22. Procedimiento administrativo - 23. Proceso administrativo
</subfield>
  </datafield>
  <datafield tag="942" ind1=" " ind2=" ">
    <subfield code="c">BK</subfield>
  </datafield>
  <datafield tag="590" ind1=" " ind2=" ">
    <subfield code="a">niveau_biblio:m niveau_hierar:0</subfield>
  </datafield>
  <datafield tag="100" ind1="1" ind2=" ">
    <subfield code="a">Dromi, Jos&#xE9; Roberto</subfield>
  </datafield>
  <datafield tag="856" ind1="4" ind2="1">
    <subfield code="u">https://biblioeco.unsa.edu.ar/pmb/images/libros/Derecho Administrativo-l117116.jpg</subfield>
    <subfield code="y">Imagen de portada</subfield>
    <subfield code="q">image/jpeg</subfield>
  </datafield>
  <datafield tag="999" ind1=" " ind2=" ">
    <subfield code="c">533</subfield>
    <subfield code="d">533</subfield>
  </datafield>
  <datafield tag="952" ind1=" " ind2=" ">
    <subfield code="0">0</subfield>
    <subfield code="1">0</subfield>
    <subfield code="4">0</subfield>
    <subfield code="7">0</subfield>
    <subfield code="a">BCEJYS</subfield>
    <subfield code="b">BCEJYS</subfield>
    <subfield code="c">16</subfield>
    <subfield code="d">2026-04-07</subfield>
    <subfield code="l">0</subfield>
    <subfield code="o">342.9 D786 11ed.</subfield>
    <subfield code="p">L117116</subfield>
    <subfield code="r">2026-04-07 15:54:43</subfield>
    <subfield code="w">2026-04-07</subfield>
    <subfield code="y">L</subfield>
    <subfield code="z">CANTO MANCHADO - 1&#xB0; P&#xC1;G DOBLADA</subfield>
  </datafield>
  <datafield tag="952" ind1=" " ind2=" ">
    <subfield code="0">0</subfield>
    <subfield code="1">0</subfield>
    <subfield code="4">0</subfield>
    <subfield code="7">0</subfield>
    <subfield code="a">BCEJYS</subfield>
    <subfield code="b">BCEJYS</subfield>
    <subfield code="c">16</subfield>
    <subfield code="d">2026-04-07</subfield>
    <subfield code="l">0</subfield>
    <subfield code="o">342.9 D786 11ed.</subfield>
    <subfield code="p">L117121</subfield>
    <subfield code="r">2026-04-07 15:54:43</subfield>
    <subfield code="w">2026-04-07</subfield>
    <subfield code="y">L</subfield>
    <subfield code="z">UN POCO H&#xDA;MEDO EN ESQUINA INFERIOR - 1&#xB0; P&#xC1;G DOBLADA - CANTO INFERIOR UN POCO MANCHADO CON ROJO</subfield>
  </datafield>
  <datafield tag="952" ind1=" " ind2=" ">
    <subfield code="0">0</subfield>
    <subfield code="1">0</subfield>
    <subfield code="4">0</subfield>
    <subfield code="7">0</subfield>
    <subfield code="a">BCEJYS</subfield>
    <subfield code="b">BCEJYS</subfield>
    <subfield code="c">16</subfield>
    <subfield code="d">2026-04-07</subfield>
    <subfield code="l">0</subfield>
    <subfield code="o">342.9 D786 11ed.</subfield>
    <subfield code="p">L117118</subfield>
    <subfield code="r">2026-04-07 15:54:43</subfield>
    <subfield code="w">2026-04-07</subfield>
    <subfield code="y">L</subfield>
    <subfield code="z">TAPA SEMISUELTA - L&#xC1;PIZ - &#xDA;LTIMA P&#xC1;G UN POCO SUELTA Y PEGADA CON CINTA - HASTA P&#xC1;G 15 H&#xDA;MEDAS Y DOBLADAS - DESDE P&#xC1;G 351 A 360 H&#xDA;MEDAS Y MANCHADAS</subfield>
  </datafield>
  <datafield tag="952" ind1=" " ind2=" ">
    <subfield code="0">0</subfield>
    <subfield code="1">0</subfield>
    <subfield code="4">0</subfield>
    <subfield code="7">0</subfield>
    <subfield code="a">BCEJYS</subfield>
    <subfield code="b">BCEJYS</subfield>
    <subfield code="c">16</subfield>
    <subfield code="d">2026-04-07</subfield>
    <subfield code="l">0</subfield>
    <subfield code="o">342.9 D786 11ed.</subfield>
    <subfield code="p">L117120</subfield>
    <subfield code="r">2026-04-07 15:54:43</subfield>
    <subfield code="w">2026-04-07</subfield>
    <subfield code="y">L</subfield>
    <subfield code="z">H&#xDA;MEDO EN EL CANTO (SUPERIOR) - PARTIDO EN P&#xC1;G 384 - CANTO MANCHADO CON AMARILLO - L&#xC1;PIZ LEVE - MANCHADO (P&#xC1;G 303 Y 304) - TAPA ROTA - &#xDA;LTIMA P&#xC1;G UN POCO ROTA</subfield>
  </datafield>
  <datafield tag="952" ind1=" " ind2=" ">
    <subfield code="0">0</subfield>
    <subfield code="1">0</subfield>
    <subfield code="4">0</subfield>
    <subfield code="7">0</subfield>
    <subfield code="a">BCEJYS</subfield>
    <subfield code="b">BCEJYS</subfield>
    <subfield code="c">16</subfield>
    <subfield code="d">2026-04-07</subfield>
    <subfield code="l">0</subfield>
    <subfield code="o">342.9 D786 11ed.</subfield>
    <subfield code="p">L117119</subfield>
    <subfield code="r">2026-04-07 15:54:43</subfield>
    <subfield code="w">2026-04-07</subfield>
    <subfield code="y">L</subfield>
    <subfield code="z">MANCHADO EN CANTO CON NEGRO - TAPA SUELTA Y ROTA - L&#xC1;PIZ - MANCHADO (P&#xC1;G 85 A 88, 1571 A 1573,1598)</subfield>
  </datafield>
  <datafield tag="952" ind1=" " ind2=" ">
    <subfield code="0">0</subfield>
    <subfield code="1">0</subfield>
    <subfield code="4">0</subfield>
    <subfield code="7">0</subfield>
    <subfield code="a">BCEJYS</subfield>
    <subfield code="b">BCEJYS</subfield>
    <subfield code="c">16</subfield>
    <subfield code="d">2026-04-07</subfield>
    <subfield code="l">0</subfield>
    <subfield code="o">342.9 D786 11ed.</subfield>
    <subfield code="p">L117123</subfield>
    <subfield code="r">2026-04-07 15:54:43</subfield>
    <subfield code="w">2026-04-07</subfield>
    <subfield code="y">L</subfield>
    <subfield code="z">L&#xC1;PIZ LEVE - PRIMERAS P&#xC1;GINAS MANCHADAS - TAPA DESPEGADA (SUELTA) - H&#xDA;MEDO Y MANCHADO (INFERIOR) P&#xC1;GINAS 415 A 420 - &#xDA;LTIMA P&#xC1;GINA ROTA</subfield>
  </datafield>
  <datafield tag="952" ind1=" " ind2=" ">
    <subfield code="0">0</subfield>
    <subfield code="1">0</subfield>
    <subfield code="4">0</subfield>
    <subfield code="7">0</subfield>
    <subfield code="a">BCEJYS</subfield>
    <subfield code="b">BCEJYS</subfield>
    <subfield code="c">16</subfield>
    <subfield code="d">2026-04-07</subfield>
    <subfield code="l">0</subfield>
    <subfield code="o">342.9 D786 11ed.</subfield>
    <subfield code="p">L117122</subfield>
    <subfield code="r">2026-04-07 15:54:43</subfield>
    <subfield code="w">2026-04-07</subfield>
    <subfield code="y">L</subfield>
    <subfield code="z">SUBRAYADO CON L&#xC1;PIZ - &#xDA;LTIMA P&#xC1;GINA ROTA (SUPERIOR) - MANCHADO (P&#xC1;G 103 A 106, 611 A 633, 1044) - TAPA ROTA</subfield>
  </datafield>
  <datafield tag="952" ind1=" " ind2=" ">
    <subfield code="0">0</subfield>
    <subfield code="1">0</subfield>
    <subfield code="4">0</subfield>
    <subfield code="7">0</subfield>
    <subfield code="a">BCEJYS</subfield>
    <subfield code="b">BCEJYS</subfield>
    <subfield code="c">16</subfield>
    <subfield code="d">2026-04-07</subfield>
    <subfield code="l">0</subfield>
    <subfield code="o">342.9 D786 11ed.</subfield>
    <subfield code="p">L117124</subfield>
    <subfield code="r">2026-04-07 15:54:43</subfield>
    <subfield code="w">2026-04-07</subfield>
    <subfield code="y">L</subfield>
    <subfield code="z">CANTO RAYADO CON L&#xC1;PIZ NEGRO, MANCHITAS ROJAS Y SUCIO - P&#xC1;G 93 A 95 H&#xDA;MEDO - L&#xC1;PIZ   </subfield>
  </datafield>
  <datafield tag="952" ind1=" " ind2=" ">
    <subfield code="0">0</subfield>
    <subfield code="1">0</subfield>
    <subfield code="4">0</subfield>
    <subfield code="7">0</subfield>
    <subfield code="a">BCEJYS</subfield>
    <subfield code="b">BCEJYS</subfield>
    <subfield code="c">16</subfield>
    <subfield code="d">2026-04-07</subfield>
    <subfield code="l">0</subfield>
    <subfield code="o">342.9 D786 11ed.</subfield>
    <subfield code="p">L117117</subfield>
    <subfield code="r">2026-04-07 15:54:43</subfield>
    <subfield code="w">2026-04-07</subfield>
    <subfield code="y">L</subfield>
    <subfield code="z">L&#xC1;PIZ - MANCHA EN P&#xC1;GINAS 83 A 98,1085 A 1088, 1&#xB0; P&#xC1;GINA - CANTO SUCIO - PRIMERA Y &#xDA;LTIMA PAGINA ARRUGADAS</subfield>
  </datafield>
  <datafield tag="952" ind1=" " ind2=" ">
    <subfield code="0">0</subfield>
    <subfield code="1">0</subfield>
    <subfield code="4">0</subfield>
    <subfield code="7">0</subfield>
    <subfield code="a">BCEJYS</subfield>
    <subfield code="b">BCEJYS</subfield>
    <subfield code="c">16</subfield>
    <subfield code="d">2026-04-07</subfield>
    <subfield code="l">0</subfield>
    <subfield code="o">342.9 D786 11ed.</subfield>
    <subfield code="p">L117125</subfield>
    <subfield code="r">2026-04-07 15:54:43</subfield>
    <subfield code="w">2026-04-07</subfield>
    <subfield code="y">L</subfield>
    <subfield code="z">L&#xC1;PIZ LEVE - &#xDA;LTIMA P&#xC1;G UN PCOO SUELTA (SUPERIOR) - TAPA SUELTA - 1&#xB0; P&#xC1;G DOBLADA - MANCHADO EN P&#xC1;GINAS 714,109,1550 A 1564 - LAPICERA EN INDICE</subfield>
  </datafield>
</record>
